Statistics for Manchester United Ultimate Quiz

Click here to take the quiz!

General Stats

  • This quiz has been taken 25 times
  • The average score is 18 of 24

Answer Stats

QuestionAnswer% Correct
Who is Manchester United's record signing?Paul Pogba
100%
How many UEFA Champions League finals have
Manchester United played in?
5
93%
Which Brazilian winger did Manchester United sign
in 2022?
Antony
93%
Which Argentinian ex-Manchester United player
famously joined Man City in 2009?
Carlos Tevez
93%
Who was their highest scorer in the 2012/13
Premier League title winning squad?
Robin Van Persie
93%
Who has won the most trophies as Manchester United
captain? (9)
Roy Keane
93%
Who is Manchester United's most decorated
player? (Most trophies with 35 titles)
Ryan Giggs
93%
Who is Manchester United's leading
all-time goal scorer?
Wayne Rooney
93%
In which year did Manchester United famously
win the treble?
(Premier League, FA Cup, Champions League)
1999
87%
In what year did Paul Scholes return to playing
for Manchester United?
2012
87%
How many times has Manchester United
won the UEFA Champions League?
3
87%
Who knocked Manchester United out of the
Champions League in 2008/2009?
Barcelona FC
87%
Which South Korean ex-Manchester United player is
known for having remarkable stamina?
Ji Sung Park
87%
Which manager won the 2015/2016 FA Cup trophy with
Manchester United?
Louis Van Gaal
87%
Which ex-Manchester United Goalkeeper joined Manchester
City in 2002?
Peter Schmeichel
87%
Who scored the first goal in Manchester United's
2-1 win over Bayern Munich in 1999?
Teddy Sheringham
80%
In what year did Paul Scholes announce his
first retirement?
2011
73%
Which team did Sir Alex Ferguson manage before he
joined Manchester United?
Aberdeen FC
73%
Which team did Manchester United beat in the
2017 UEFA Europa League final?
Ajax FC
67%
Which team did Manchester United beat in 2012/13
to win the title?
Aston Villa
47%
Who scored a hattrick against Man. United in Sir Alex
Ferguson's last match as manager?
Romelu Lukaku
40%
How much did Manchester United sell
Cristiano Ronaldo for in 2009?
£80 million
33%
Who is Manchester United's longest serving
captain?
Bryan Robson
33%
Name the famously 'failed' Man. Utd academy player who
goes by the initials 'RM'
Ravel Morrison
33%

Score Distribution

Percentile by Number Answered

Percent of People with Each Score

Your Score History

You have not taken this quiz